000 00306nam a22001337a 4500
008 210303b ||||| |||| 00| 0 eng d
020 _a0890794596
041 _aeng
080 _a37
100 _a25
101 _aEDU
245 _aCognitive Skills for Community Living
_cMcclennen,E.S
942 _2udc
_cBK
999 _c55555
_d55555